| 000 | 00666nam a2200205Ia 4500 | ||
|---|---|---|---|
| 001 | 1873 | ||
| 003 | GE_BSU | ||
| 008 | 181216s||||||||xx |||||||||||||| ||und|| | ||
| 040 | _cGE_BSU | ||
| 080 | _a351(075.32) | ||
| 100 | _aЩербаков,Ю.Н. | ||
| 245 | _aГосударственная и муниципальная служба. | ||
| 245 | _bУчебник для студ. сред. профессиональ. образования. | ||
| 260 | _aРостов На-Дону | ||
| 260 | _bФеникс | ||
| 260 | _c2007 | ||
| 300 | _a256 с. | ||
| 653 | _aГосударственная и муниципальная служба | ||
| 942 | _cBK | ||
| 999 |
_c35974 _d35974 |
||